<?xml version="1.0" encoding="UTF-8"?>
<marc:record xmlns:marc="http://www.loc.gov/MARC21/slim">
   <marc:leader>00000nam a2200000 a 4500</marc:leader>
   <marc:datafield ind1="1" ind2=" " tag="100">
      <marc:subfield code="a">Friese, Jani</marc:subfield>
      <marc:subfield code="4">aut</marc:subfield>
      <marc:subfield code="e">Verfasser/-in</marc:subfield>
   </marc:datafield>
   <marc:datafield ind1=" " ind2=" " tag="653">
      <marc:subfield code="a">Weihnachtsromane Neuerscheinung 2022</marc:subfield>
   </marc:datafield>
   <marc:datafield ind1=" " ind2=" " tag="653">
      <marc:subfield code="a">Weihnachtsromane deutsch</marc:subfield>
   </marc:datafield>
   <marc:datafield ind1=" " ind2=" " tag="653">
      <marc:subfield code="a">New York Weihnachten</marc:subfield>
   </marc:datafield>
   <marc:datafield ind1=" " ind2=" " tag="653">
      <marc:subfield code="a">Weihnachtsromane New York</marc:subfield>
   </marc:datafield>
   <marc:datafield ind1=" " ind2=" " tag="653">
      <marc:subfield code="a">Liebesromane Weihnachten</marc:subfield>
   </marc:datafield>
   <marc:datafield ind1=" " ind2=" " tag="653">
      <marc:subfield code="a">Softcover / Belletristik/Gegenwartsliteratur (ab 1945)</marc:subfield>
   </marc:datafield>
   <marc:datafield ind1=" " ind2=" " tag="653">
      <marc:subfield code="a">Erzählende Literatur: Gegenwartsliteratur ab 1945</marc:subfield>
   </marc:datafield>
   <marc:datafield ind1="0" ind2="0" tag="245">
      <marc:subfield code="a">Weihnachtszauber in New York</marc:subfield>
   </marc:datafield>
   <marc:datafield ind1="0" ind2="0" tag="245">
      <marc:subfield code="b">Ein herzerwärmender weihnachtlicher Liebesroman im verschneiten New York.</marc:subfield>
   </marc:datafield>
   <marc:datafield ind1="0" ind2="0" tag="245">
      <marc:subfield code="c">Jani Friese</marc:subfield>
   </marc:datafield>
   <marc:datafield ind1=" " ind2="1" tag="264">
      <marc:subfield code="a">Norderstedt</marc:subfield>
      <marc:subfield code="b">BoD – Books on Demand</marc:subfield>
      <marc:subfield code="c">2022</marc:subfield>
   </marc:datafield>
   <marc:datafield ind1=" " ind2=" " tag="250">
      <marc:subfield code="a">2. Auflage</marc:subfield>
   </marc:datafield>
   <marc:datafield ind1="1" ind2=" " tag="520">
      <marc:subfield code="a">Angaben aus der Verlagsmeldung

Weihnachtszauber in New York : Ein herzerwärmender weihnachtlicher Liebesroman im verschneiten New York. / von Jani Friese

Ein Traummann zu Weihnachten. 
Nur wer an den Zauber der Liebe glaubt, wird sie auch finden.

Erstens kommt es anders, und zweitens als man denkt. Luisa reist ins winterlich verschneite New York,
um auf ihre zehnjährige Nichte aufzupassen, die seit einem Trauma stottert.
Nicht nur der weihnachtliche Charme der Stadt lässt Luisas Herz höher schlagen, sondern ebenso die unerwartete Begegnung mit dem umschwärmten Unternehmer William Cooper alias Santa Claus höchstpersönlich.
Zwischen Lichterglanz und Schneegestöber fliegen zwischen ihnen die Funken. Ein Hauch Magie liegt in der Luft. Als es William dann auch noch gelingt, das Herz der kleinen Molly wieder für die Musik zu öffnen, beginnt Luisa, an Weihnachtswunder zu glauben. Wäre da nur nicht diese eine verflixte Sache, die sie immer wieder zweifeln lässt.

Eine wunderschöner weihnachtlicher Liebesroman voller zauberhafter knisternder Momente.

Leseprobe
»Na, zählst du die Sterne?«, fragte er und schaute ebenfalls zum Himmel.
»Nein, das nicht, aber ich liebe die Sterne. Ich verbinde damit immer was Positives. Vielleicht all meine Hoffnungen, manchmal auch Wünsche.
Oh, schau! Nicht zu fassen, da war eine Sternschnuppe, hast du die gesehen?«
Will lachte. »Ja, und, hast du dir etwas gewünscht?«
»Nein, nicht direkt. Vielleicht haben Sternschnuppen gar nicht die Aufgabe unsere Wünsche zu erfüllen, sondern einfach nur uns nachdenken zu lassen, was genau wir uns am meisten wünschen.«
»Das habe ich noch nie gehört, aber da scheint ein Funke Wahrheit dran zu sein. Ich muss sagen, ich mag diese Menschen, die sich über Sterne am Nachthimmel freuen können.
Das ist ein Zeichen dafür, dass sie erkennen, wie schön das Leben ist.«
</marc:subfield>
   </marc:datafield>
   <marc:datafield ind1=" " ind2=" " tag="020">
      <marc:subfield code="a">9783756833177</marc:subfield>
      <marc:subfield code="9">9783756833177</marc:subfield>
   </marc:datafield>
   <marc:datafield ind1=" " ind2=" " tag="020">
      <marc:subfield code="a">3756833178</marc:subfield>
      <marc:subfield code="9">3756833178</marc:subfield>
   </marc:datafield>
   <marc:datafield ind1=" " ind2=" " tag="041">
      <marc:subfield code="a">ger</marc:subfield>
   </marc:datafield>
   <marc:datafield ind1=" " ind2=" " tag="300">
      <marc:subfield code="a">328 Seiten</marc:subfield>
   </marc:datafield>
</marc:record>
